| 000 | 01017nam0a22002891 4500 | ||
|---|---|---|---|
| 001 | rc\3753415 | ||
| 005 | 20250610112000.0 | ||
| 021 |
_aRU _b[72-9729] |
||
| 035 | _a(NLR Aleph) 007875321 | ||
| 090 |
_a7883870 _c7883870 |
||
| 100 | _a20130115d1972 |||y0rusy50 ca | ||
| 101 | 0 | _arus | |
| 102 | _aRU | ||
| 105 | _aa z ||||| | ||
| 200 | 1 |
_aБронхологические методы при заболеваниях легких _fАкад. мед. наук СССР |
|
| 210 |
_aМосква _cМедицина _d1972 |
||
| 215 |
_a320 с., 3 л. ил. _cил. _d21 |
||
| 320 | _aСписок лит.: с. 294-318 | ||
| 606 |
_aЛегочные болезни _2psbo |
||
| 606 |
_aБронхология клиническая _2psbo |
||
| 700 | 1 |
_aСтручков _bВ.И. _f1907-1988 _gВиктор Иванович |
|
| 701 | 1 |
_aЛохвицкий _bС.В. _gСергей Викторович |
|
| 801 | 0 |
_aRU _bNLR _gpsbo |
|
| 801 | 1 |
_aRU _bELAR _2rusmarc |
|
| 852 |
_aNLR _j72-3/2112 |
||
| 942 | _cBOOK | ||
| 980 | _aNB | ||